A 24-year follow-up of men from vulnerable backgrounds

Saved in:  
Bibliographic Details
Main Author: Farrington, David 1944-2024 (Author)
Format: Print Article
Language:English
Published: Praeger 1988
In:Enthalten in: The Abandonment of Delinquent Behaviour: Promoting the Turnaround (1988), Seite 155-173
Check availability: HBZ Gateway

MARC

LEADER 00000caa a22000002c 4500
001 1912447479
003 DE-627
005 20250127054929.0
007 tu
008 241217s1988 xx ||||| 00| ||eng c
035 |a (DE-627)1912447479 
035 |a (DE-599)KXP1912447479 
040 |a DE-627  |b ger  |c DE-627  |e rda 
041 |a eng 
084 |a 2,1  |2 ssgn 
100 1 |a Farrington, David  |d 1944-2024  |e VerfasserIn  |0 (DE-588)1033146951  |0 (DE-627)740055585  |0 (DE-576)160911001  |4 aut 
109 |a Farrington, David 1944-2024  |a Farrington, David P. 1944-2024  |a Farrington, D. P. 1944-2024  |a Farrington, David Philip 1944-2024 
245 1 2 |a A 24-year follow-up of men from vulnerable backgrounds 
264 1 |b Praeger  |c 1988 
336 |a Text  |b txt  |2 rdacontent 
337 |a ohne Hilfsmittel zu benutzen  |b n  |2 rdamedia 
338 |a Band  |b nc  |2 rdacarrier 
773 0 8 |i Enthalten in  |t The Abandonment of Delinquent Behaviour: Promoting the Turnaround  |g (1988), Seite 155-173 
773 1 8 |g year:1988  |g pages:155-173 
787 0 8 |i Forschungsdaten  |a Farrington, David, 1944 - 2024  |t Cambridge Study in Delinquent Development (Great Britain), 1961-1981  |d [Erscheinungsort nicht ermittelbar] : [Verlag nicht ermittelbar], 1986  |w (DE-627)1840065613 
935 |a mkri 
951 |a AR 
ELC |b 1 
LOK |0 000 xxxxxcx a22 zn 4500 
LOK |0 001 4637412951 
LOK |0 003 DE-627 
LOK |0 004 1912447479 
LOK |0 005 20241217044122 
LOK |0 008 241217||||||||||||||||ger||||||| 
LOK |0 035   |a (DE-2619)ICPSR105475 
LOK |0 040   |a DE-2619  |c DE-627  |d DE-2619 
LOK |0 092   |o n 
LOK |0 852   |a DE-2619 
LOK |0 852 1  |9 00 
LOK |0 935   |a uvkn  |a nacp 
LOK |0 939   |a 17-12-24  |b l01 
ORI |a SA-MARC-krimdoka001.raw